| 000 | 00644 a2200205 4500 | ||
|---|---|---|---|
| 999 |
_c1770 _d1770 |
||
| 020 | _a9780195988345 | ||
| 050 | _aHF 5636 KEW 2009 | ||
| 100 |
_aKew, Jacqui _eAuthor |
||
| 245 |
_aFinancial accounting : _b the question book / _cJacqui Kew; Alex Watson and Riley Carpenter |
||
| 264 |
_aCape Town : _bOxford University Press, _c2010 |
||
| 300 |
_av, 308p.: _bill. |
||
| 500 | _aincludes appendix | ||
| 650 |
_a Accounting. _xthe question book |
||
| 651 | _a Financial statements. | ||
| 700 |
_aKew Jacqui _eauthor |
||
| 700 | _eauthor | ||
| 700 |
_aRiley Carpenter _eauthor |
||
| 700 | _aAlex Watson | ||
| 942 |
_2lcc _cBK _e3rd _h5636 _iKEW _kHF |
||